000 00568nmm a2200169Ia 4500
008 251105s9999||||xx |||||||||||||||||und||
020 _a9788499211275
041 _aspa
100 _aMartínez Sánchez, Roser
245 0 _aConectores textuales argumentativos :
_b Guía y actividades didácticas para su uso eficaz en ELE
264 _a[Madrid, España] :
_bOctaedro,
_c2014
300 _a94 páginas
490 _aNuevos instrumentos
650 _aELE (Español como lengua extranjera)
856 _uhttps://public.digitaliapublishing.com/a/30587
942 _cCF
999 _c92474
_d92474